| 000 | 00905nam a22002657a 4500 | ||
|---|---|---|---|
| 005 | 20140915124618.0 | ||
| 008 | 140915b xxu||||| |||| 00| 0 eng d | ||
| 010 | _aHIN-103475 | ||
| 020 |
_c250.00 _a9788190819718 |
||
| 035 | _aHN-75821 | ||
| 037 | _bDBAD/PUB | ||
| 040 |
_aDPL _bHN |
||
| 082 | _a954.53 | ||
| 100 |
_924598 _aशर्मा,रीता |
||
| 245 |
_aबिहार की कला परम्परा / _cरीता शर्मा |
||
| 246 |
_aBihar ki Kala Prampara _bby Reeta Sharma |
||
| 260 |
_aदिल्ली _bनई किताब _c2013 |
||
| 270 |
_bदिल्ली _aबी-3/44, सेक्टर-16, रोहिणी , _e110089 |
||
| 300 |
_a136पृ. _c22सेमी (सजिल्द) |
||
| 650 | _91169 | ||
| 650 | _929580 | ||
| 700 | _924599 | ||
| 700 | _924924 | ||
| 942 |
_2ddc _cHN _mशर्मारी _h954.53 |
||
| 999 |
_c88628 _d88628 |
||